[Event "Rohde op 06th"]
[Site "Sautron"]
[Date "2006.11.02"]
[Round "7"]
[White "Wirig, Anthony"]
[Black "Monroy, Charles"]
[Result "1/2-1/2"]
[WhiteElo "2439"]
[BlackElo "2394"]
[Annotator "RR"]
[PlyCount "66"]
[EventDate "2006.10.28"]
[EventType "swiss"]
[EventRounds "9"]
[EventCountry "FRA"]
[SourceTitle "EXT 2007"]
[Source "ChessBase"]
[SourceDate "2006.11.23"]
[SourceVersion "1"]
[SourceVersionDate "2006.11.23"]
[SourceQuality "1"]

1. d4 Nf6 2. Nf3 e6 3. c4 b6 4. g3 Ba6 5. Nbd2 {Trés populaire actuellement} (
5. b3) 5... Bb4 (5... Bb7 {plus courant} 6. Bg2 c5 7. e4 cxd4 8. O-O d6 9. Nxd4
Qd7 $1 (9... Nbd7 {le coup naturel sur cette structure hérisson est moins bon
а cause du plan d'IVANCHUK a4a5}) 10. a4 $1) 6. Qc2 Bb7 7. Bg2 Be4 8. Qb3 Bxd2+
9. Bxd2 O-O 10. O-O d6 11. Rfd1 ({RR} 11. Qe3 Nbd7 12. Bc3 Qb8 13. Bh3 b5 14.
b3 a5 15. Nd2 Bg6 16. Bg2 d5 17. Rfc1 bxc4 18. bxc4 Nb6 19. a4 Qe8 20. Bb2 Kh8
21. Qf4 Qb8 22. Bc3 Qb7 23. c5) 11... Nbd7 12. Rac1 ({RR} 12. Bh3 Qe7 13. Nh4
c5 14. Qe3 cxd4 15. Qxd4 Rfd8 16. Rac1 h6 17. Bc3 Nc5 18. Qe3 a5 19. f3 Bh7 20.
Nf5 Bxf5 21. Bxf5) ({RR} 12. Bf1 Qe7 13. Ne1 c5 14. Be3 d5) 12... Qe7 ({RR} 
12... Re8 13. Be1 ({RR} 13. Qe3 a5 14. Bc3 d5 15. Ne5 Bxg2 16. Kxg2 Qc8 17. Qf3
) ({RR} 13. Bh3 Qe7 14. Be3 a5 15. Nd2 Bb7 16. Qc2 c5 17. dxc5 bxc5) 13... Qe7
14. Qe3 a5 15. Bf1 Bb7 16. Nh4 Qf8 17. Qd3 e5 ({RR} 17... c5 18. dxc5 dxc5 19.
f3) 18. d5 Nc5 19. Qc2 Bc8 20. f3 Kh8 21. Bf2 ({RR} 21. b3 Ng8 22. a3 Bd7 ({RR
} 22... Ne7 23. b4)) 21... Ng8 22. e4 Ne7 23. Nf5 Nxf5 24. exf5 g6 25. fxg6
hxg6 26. Be3 Kg7 27. h4 {Sakaev,K (2647)-Adams,M (2752)/Chalkidiki 2002/CBM
092/[Gershon]/0-1 (51)}) ({RR} 12... h6 13. Bh3 Re8 14. Be3 a5 15. Nd2 Bb7 16.
Nf1 ({RR} 16. c5 Bd5 17. Qa3 Qe7 ({RR} 17... dxc5 18. dxc5 b5 19. c6) 18. cxd6
cxd6 19. Rc7 Rec8 20. Rdc1 Rxc7 21. Rxc7 Ne8) 16... a4 17. Qc2 Qe7 18. f3 c5
19. Bf2 Rec8 20. Qd2 cxd4 ({RR} 20... d5 21. dxc5 bxc5 22. cxd5 Bxd5 23. Ra1 ({
RR} 23. a3 Bb3)) 21. Bxd4 d5 22. Ne3 Rd8 ({RR} 22... e5 23. Nf5 Qf8 24. Bf2 d4
25. f4 Ne4 26. Qe1 Nxf2 27. Qxf2) ({RR} 22... dxc4 23. Nxc4 b5 24. Ne3) 23. Qc2
({RR} 23. cxd5 Nxd5 24. Nxd5 Bxd5)) 13. Qa3 ({RR} 13. Bh3 c5 14. Qe3 Rfe8 15.
Bc3 a5 16. b3 Bb7 17. Qd3 d5 18. Qe3 Ne4 19. Bb2 a4) 13... Rfc8 $146 ({RR} 
13... a5 14. h3 ({RR} 14. Bh3 Rae8 ({RR} 14... Rfe8 15. Be3 h6 16. Nd2 Bb7 17.
c5 ({RR} 17. b3 Qd8 18. c5 dxc5 19. dxc5 Ba6 20. Nc4 Bxc4 21. bxc4 Qe7 22. Bg2
Ra7 23. Bc6 Ra6 24. Qa4 Rd8 25. Qb5 Ra7 26. cxb6 Nxb6 27. Bc5) 17... dxc5 18.
dxc5 Bd5 19. cxb6 Qxa3 20. bxa3 cxb6 21. Nc4 Rab8 22. Nd6 Red8 23. Rc2 Nc5 24.
Nb5 Rbc8 25. f3 Na4 26. Rdc1 Rxc2 27. Rxc2 Bb7 28. Bf1 Rd1 29. Rc1) ({RR} 14...
h6 15. Ne5 Rae8 16. Nxd7 Nxd7 17. Be3 Bc6 18. c5 bxc5 19. dxc5 d5 20. Qxa5 Nf6
21. Qa6) ({RR} 14... Bf5 15. Bf1 h6 16. Be3 Rfe8 17. Nh4 Bh7 18. f3 e5 19. dxe5
Nxe5 20. Bf2 a4 21. Bh3 Ng6 22. Nxg6 fxg6 23. Rd2 g5 24. Bg2 g4 25. Qc3 Rf8 26.
Rf1 Rae8 27. b3 axb3 28. axb3 Nd7 29. b4 {Piket,J (2495)-Van der Wiel,J (2550)/
Rotterdam 1990/EXT 2002/1/2-1/2 (54)}) 15. Ne1 ({RR} 15. Qe3) 15... Bf5 16. Bf1
e5 17. dxe5 Nxe5 18. Ng2 Bh3 19. Be1 h6 20. Qc3 Ne4 21. Qd4 f5 22. b3 Kh7 23.
f3 Ng5) 14... Rfe8 15. Be3 e5 16. Qc3 exd4 17. Bxd4 c5 18. Bxf6 Nxf6 19. Qb3
Qc7 20. Rd2 Qc6 21. Ne1 Bxg2 22. Nxg2 Ne4 23. Rd3 Ng5 24. Nf4 Ne6 25. Nxe6 fxe6
26. Rcd1 Rad8 27. f3 a4 28. Qc3 {Van Wely,L (2560)-Balashov,Y (2545)/Germany
1993/GER-chT2/1-0 (55)}) 14. Bh3 h6 15. Ne5 {[%cal Ga3e7]} c5 16. Nxd7 Nxd7 17.
dxc5 Nxc5 (17... dxc5 $5 {[%csl Gd4]}) 18. b4 Nb7 {[%csl Rd6][%cal Gb7d6]} (
18... Nd7) 19. Qe3 Bc6 20. Bc3 Rd8 21. Rd4 e5 22. Rd2 Rab8 23. a3 Bd7 24. Bg2
Be6 25. Bxb7 (25. Bb2 $16) 25... Rxb7 26. c5 f6 27. c6 Rc7 28. b5 d5 29. Bb4
Qf7 30. f4 d4 31. Qf2 Bc4 32. fxe5 Bxb5 33. Rxd4 Rxd4 1/2-1/2

[Event "FRA-ch High Pool"]
[Site "Marseille"]
[Date "2001.08.13"]
[Round "8"]
[White "Bauer, Christian"]
[Black "Sokolov, Andrei"]
[Result "1/2-1/2"]
[WhiteElo "2576"]
[BlackElo "2604"]
[Annotator "Rabinovich,Al"]
[PlyCount "69"]
[EventDate "2001.08.13"]
[EventType "schev"]
[EventRounds "4"]
[EventCountry "FRA"]
[SourceTitle "CBM 085"]
[Source "ChessBase"]
[SourceDate "2001.11.13"]
[SourceVersion "1"]
[SourceVersionDate "2001.11.13"]
[SourceQuality "1"]

1. d4 Nf6 2. c4 e6 3. Nf3 b6 4. g3 Ba6 5. b3 Bb4+ 6. Bd2 Be7 7. Bc3 {This move
is quiet rare in this position.The main line is 7.Bg2 with following
opportunities for black:7...c6,7...d5,7...Bb7. The positions rise in those
variations are very well-known,that might be the idea behind the move in the
text to get down from popular tracks.} d5 (7... Ne4 $5 8. Bg2 (8. Bb2 $6 Bb4+
9. Nfd2 Qf6 10. f3 Nxd2 11. Nxd2 d5 $11) 8... Nxc3 9. Nxc3 c6 10. d5 O-O 11.
O-O exd5 12. cxd5 c5 13. Re1 Bf6 14. Rc1 d6 $11 {1/2-1/2 Arkell,K-Adams,M/
England 1997/EXT 99 (33)}) 8. Nbd2 (8. Bg2 {Could lead to positions from 7.Bg2
line.} c6 9. Nbd2 (9. Ne5 Nfd7 10. Nxd7 Nxd7 {0-1 Sinkovics,P-Balogh,C/
Budapest HUN 2000 (30) Reaching a well known theoretical position.}) 9... Nbd7
10. O-O O-O 11. Re1 c5 12. cxd5 Nxd5 {1/2-1/2 Pert,N-Franco Alonso,A/Athens
GRE 2001/The Week in Chess 355 (53) Familiar position with one from the text.
With one difference the N is on d7 and not on c6.}) 8... c5 $5 9. Bg2 O-O (9...
Nc6 10. O-O O-O 11. dxc5 bxc5 12. cxd5 exd5 13. Rc1 Qb6 14. Re1 Rac8 15. Bxf6
Bxf6 16. Nb1 d4 $132 {[%csl Ga6,Gf6][%cal Gf8d8] 1/2-1/2 Arkell,K-Turner,M/
Millfield ENG 2000/The Week in Chess 301 (41)}) 10. cxd5 (10. O-O Nc6 $11)
10... Nxd5 $1 {The best reply.Black uses the fact that white K is still in the
center,wins a tempi to finish the development.} (10... exd5 $5 11. Ne5 $14 {
[%cal Ge1g1]}) 11. Bb2 Nc6 (11... Nd7 $5 {This move was in my opinion more
flexible,black could reach an easy equalization.} 12. O-O Rc8) 12. dxc5 Bxc5
13. O-O Rc8 $11 {Black recieved a solid position and white got nothing from
the opening.} 14. Ne4 (14. a3 $5 {[%csl Rb4][%cal Ga1c1]}) 14... Be7 15. Nd4 $6
(15. a3 $6 f5 $1 16. Ned2 (16. Nc3 Nxc3 17. Bxc3 Qxd1 18. Rfxd1 Bxe2 19. Re1
Bxf3 20. Bxf3 Nd8 $15) 16... Bf6 $15 {[%csl Rc3]}) (15. Rc1 $11) 15... Ndb4 {
[%cal Gc6d4,Gb4c2]} 16. Nxc6 Nxc6 {Black position already looks better.Next
white move is very strong,giving up the pawn white gains good initiative
eventually enouth to hold the ending with one P down.} 17. Rc1 $1 (17. Re1 Nb4
$15 {[%csl Rc2]}) 17... Qxd1 18. Rfxd1 Bxe2 19. Rd2 {Another accurate move.} (
19. Rd7 Rfd8 $1 20. Rxd8+ Rxd8 $17) 19... Ba6 20. Nd6 Rfd8 $8 21. Rcd1 Bxd6 (
21... Rc7 22. Bxc6 Rxc6 23. Nf5 Rxd2 24. Nxe7+ Kf8 25. Rxd2 Kxe7 26. Bxg7 $11)
22. Rxd6 Rxd6 23. Rxd6 {White two bishops and active R are good compensation
for the pawn.} Nb4 (23... Rd8 {Wouldn't change much.} 24. Be5 Rxd6 25. Bxd6 $44
) 24. Rd7 $1 h6 (24... Nxa2 25. Rxa7 Nb4 26. Ba3 Bb5 27. Rb7 $11) 25. Rxa7 Bd3
26. h3 {Now position is equal.Black has to be carefull not to let white
bishops collect the pawns,but this job is not too difficult.} Rc2 27. Bd4 $6 (
27. Ba3 $1 $11) 27... Nxa2 (27... Rxa2 $1 28. Bxb6 (28. Rxa2 Nxa2 29. Bxb6 Bc2
$15) 28... Rb2 $15) 28. Bxb6 Nb4 29. Rd7 (29. Bd4 $1 $14 {[%cal Ga7b7,Gb3b5]})
29... Nd5 30. Bd4 (30. Bxd5 exd5 31. Rxd5 Be4 32. Rd8+ Kh7 33. g4 {[%cal Gg1h2,
Gh2g3]} Rb2 34. Rd4 Rxb3 35. Rxe4 Rxb6 $11) 30... Rc1+ 31. Kh2 Rb1 $11 32. Rb7
Bc2 33. Bc5 {[%cal Gb3b4] The position is completly drawn,white threatens to
advance the bP,so black transfers the game to opposite coloured bishops ending
and the draw result is agreed.} Rxb3 34. Rxb3 Bxb3 35. Bxd5 1/2-1/2

[Event "Asia-ch"]
[Site "Kolkata"]
[Date "2001.08.13"]
[Round "6"]
[White "Lodhi, Mahmood"]
[Black "Nolte, Rolando"]
[Result "0-1"]
[WhiteElo "2410"]
[BlackElo "2324"]
[Annotator "Rabinovich,Al"]
[PlyCount "56"]
[EventDate "2001.08.09"]
[EventType "swiss"]
[EventRounds "11"]
[EventCountry "IND"]
[SourceTitle "CBM 085"]
[Source "ChessBase"]
[SourceDate "2001.11.13"]
[SourceVersion "1"]
[SourceVersionDate "2001.11.13"]
[SourceQuality "1"]

1. d4 Nf6 2. c4 e6 3. Nf3 b6 4. g3 Ba6 5. Nbd2 {The alternatives are: 5.b3 5.
Qa4} d5 {Black has few very interesting variations except this move:} (5... Bb4
{[%cal Ga6c4]} 6. Qc2 Bb7 (6... O-O 7. Bg2 d5 8. O-O c5 9. dxc5 Bxc5 10. a3
Nbd7 11. cxd5 Nxd5 12. Nb3 Be7 $11 {[%cal Ga8c8] 0-1 Nikolic,P-Palac,M/Bled
SLO 2000/The Week in Chess 311 (41)}) 7. Bg2 Be4 8. Qb3 Nc6 9. O-O Bxd2 10.
Bxd2 O-O 11. Rfd1 h6 12. Qe3 $14 {[%cal Gd2c3,Gg2h3,Gf3e1,Gf2f3] 1-0 Tregubov,
P-Romanishin,O/Ohrid MKD 2001/The Week in Chess 345 (46)}) (5... c5 {One of
the sharpest lines in this variation.} 6. e4 $5 cxd4 7. e5 Ng8 8. Bg2 Nc6 9.
O-O Rb8 10. Re1 h6 11. a3 b5 12. cxb5 Bxb5 13. b4 $14 {[%cal Ga3a4,Gb4b5,Gd2b3]
1-0 Tregubov,P-Ivanovic,B/Herceg Novi YUG 2001/The Week in Chess 344 (35)}) (
5... Bb7 6. Bg2 c5 7. e4 cxd4 8. O-O (8. Nxd4 Bc5 9. N4b3 d6 10. O-O e5 11. Re1
O-O 12. Nf1 $14 {[%csl Rd5] 0-1 Ivanov,M-Baklan,V/Bischwiller FRA 2001/The
Week in Chess 336 (53)}) 8... d6 9. Nxd4 {Transfers the game to Marozy setup.}
Nbd7 10. b3 a6 11. Bb2 Qc7 $132 {0-1 Korobov,A-Psakhis,L/Ohrid MKD 2001/The
Week in Chess 344 (46)}) 6. Bg2 Be7 7. O-O O-O 8. b3 (8. cxd5 $5 {Rabinovich
Alex In my opinion this move promises white more than 8.b3.Lets compare
position in the text with the positions with hanging black pawns c-d,since
this position will rise sooner or later after black will play c5.The most
typical white plan is to play against those pawns,for that white needs the N
on c3 and not on d2.Time for removing it on c3 white won't have.So the result
of this will be that black will have strong pawn structure in the center and
white won't be able to attack it.} exd5 9. Ne5 Bb7 10. b3 a5 11. Bb2 Na6 12.
Rc1 c5 13. Nd3 Re8 14. Nf4 cxd4 15. Nf3 $14 {1/2-1/2 Khalifman,A-Leko,P/New
Delhi/Theran 2000/CBM 80 (49)}) 8... Nbd7 (8... c5 $5 {[%cal Gb8c6] This
logical move probably solves black's problems immideatly.} 9. dxc5 Bxc5 10. Bb2
Nbd7 11. Rc1 Bb7 12. Nd4 Rc8 13. Nb5 Qe7 14. cxd5 Nxd5 15. Ne4 Rfd8 16. Nxc5
Nxc5 17. Qd4 Nf6 {1/2-1/2 Piket,J-Karpov,A/Wijk aan Zee 1998/CBM 63 (17)}) 9.
Bb2 c5 10. dxc5 bxc5 $11 11. cxd5 (11. Re1 $5 {[%cal Ge2e4]}) 11... exd5 12.
Re1 {[%cal Ge2e4]} Rc8 13. e4 $6 {[%csl Rd3][%mdl 16384] After this move black
gains good initiative thanks to his c-P.} (13. Rc1 Qa5 $132) 13... c4 $1 $36 {
[%cal Gc4c3]} 14. bxc4 dxc4 15. Bc3 Nc5 $15 {[%csl Rd3]} 16. Nd4 $6 {Another
mistake,which brings white nothing but trublle.} (16. Bh3 $5 Rb8 17. Ne5 {
[%csl Gd3][%cal Ge5c6,Ge5d3]} Qc7 18. Rc1 $15) 16... Nd3 $1 $17 {[%csl Rf2]
[%cal Ge7c5]} 17. Qa4 $2 {This move already looses the game.Black wins
material and still has some initiative} (17. Rf1 Bb4 $1 $17) 17... Bc5 (17...
Nxe1 $5 18. Rxe1 Bc5 $19) 18. Rf1 (18. Qxa6 Bxd4 19. Bxd4 Qxd4 20. Rf1 Ng4 $19
{[%csl Rf2][%cal Gc4c2] The game.}) 18... Bxd4 19. Bxd4 Qxd4 20. Qxa6 Ng4 $1
$19 {Black is winning ,white can't protect f2 and his position collepces.} 21.
Nf3 Qc5 22. h3 Ngxf2 23. Kh2 $8 Nxe4 24. Ng1 Qe5 (24... Nxg3 $3 25. Kxg3 Qe5+
26. Kg4 (26. Kf3 Qf4+ 27. Ke2 Rfe8+ 28. Kd1 Qd4 $19 {[%cal Gd3b4,Gd4a1]}) 26...
h5+ 27. Kh4 Rc5 $19 {[%cal Ge5g5]}) 25. Ne2 (25. Bxe4 Qxe4 $19 {[%cal Gc4c1]})
25... Nd2 {Black is making sort B moves and still white is helpless.} (25...
Nec5 $19 {[%cal Ge5e2,Gc5a6] Winning a piece.}) 26. Nf4 Nxf1+ 27. Rxf1 Nxf4 28.
Rxf4 c3 0-1

[Event "EU-ch 2nd"]
[Site "Ohrid"]
[Date "2001.06.13"]
[Round "12"]
[White "Tregubov, Pavel V"]
[Black "Romanishin, Oleg M"]
[Result "1-0"]
[WhiteElo "2628"]
[BlackElo "2559"]
[Annotator "Rabinovich,Al"]
[PlyCount "91"]
[EventDate "2001.06.01"]
[EventType "swiss"]
[EventRounds "13"]
[EventCountry "YUG"]
[SourceTitle "CBM 084"]
[Source "ChessBase"]
[SourceDate "2001.09.13"]
[SourceVersion "1"]
[SourceVersionDate "2001.09.13"]
[SourceQuality "1"]

{[%mdl 4228]} 1. d4 Nf6 2. c4 e6 3. Nf3 b6 4. g3 Ba6 5. Nbd2 Bb4 {[%cal Ga6c4]
Another possibilities are:} (5... d5 6. Bg2 Be7 7. O-O O-O 8. cxd5 exd5 9. Ne5
Bb7 10. b3 a5 11. Bb2 Na6 12. Rc1 c5 13. Nd3 Re8 14. Nf4 cxd4 15. Nf3 $14 {
1/2-1/2 Khalifman,A-Leko,P/New Delhi IND 2000/The Week in Chess 317 (49)}) (
5... Bb7 6. Bg2 c5 7. e4 cxd4 8. O-O Qc8 9. e5 Ne4 10. Nxe4 Bxe4 11. Re1 Bxf3
12. Bxf3 Nc6 13. a3 Be7 14. b4 Rb8 15. Bxc6 dxc6 16. Qxd4 O-O 17. Be3 f5 18.
Red1 {1/2-1/2 Tregubov,P-Gurevich,M/Amsterdam NED 2000/The Week in Chess 302 
(18)}) 6. Qc2 Bb7 7. Bg2 Be4 {Stoping for a long time from white to play e4.}
8. Qb3 (8. Qd1 O-O 9. O-O Bxd2 10. Qxd2 d6 11. b3 Nbd7 12. Bb2 a5 13. Rfd1 a4
14. Bh3 Bxf3 15. exf3 d5 $14 {1/2-1/2 Ivanchuk,V-Anand,V/Monaco MNC 2001/The
Week in Chess 333 (23)}) 8... Nc6 (8... Bxd2+ 9. Bxd2 O-O 10. O-O d6 11. Rfd1
Nbd7 12. Rac1 h6 (12... Re8 13. Bh3 Qe7 14. Be3 a5 15. Nd2 Bb7 16. Qc2 c5 17.
dxc5 bxc5 18. f3 h6 19. Bf2 Ne5 20. Bg2 Nc6 21. Nb1 e5 22. Nc3 Nd4 $15 {
0-1 Dao Thien Hai-Adams,M/New Delhi/Theran 2000/CBM 80 (68)}) 13. Bh3 Re8 14.
Be3 a5 15. Nd2 Bb7 16. Nf1 a4 17. Qc2 Qe7 18. f3 c5 19. Bf2 Rec8 20. Qd2 d5 21.
dxc5 bxc5 22. cxd5 Bxd5 23. Ra1 $5 Ne5 24. Qc3 $14 {1-0 Nikolic,P-Adams,M/Wijk
aan Zee NED 2000/The Week in Chess 273 (45)}) 9. O-O Bxd2 10. Bxd2 O-O 11. Rfd1
h6 12. Qe3 $14 {[%cal Ge3d4,Gd2c3] Protecting first d4 pawn. White plan is
easy: To play Bh3 then to move the N from f3,preparing f3 and e4.} a6 {[%cal
Gb6b5]} 13. Bc3 Re8 14. Bh3 b5 15. b3 bxc4 16. bxc4 Rb8 (16... d5 $5 17. Ne5
dxc4 18. f3 Bd5 19. Qf4 Nxe5 20. dxe5 Nd7 21. e4 Bc6 22. Rd4 $14) 17. Ne5 d6 (
17... Nb4 18. Qd2 $14 {[%cal Gf2f3,Ge2e4]}) 18. f3 (18. Nxc6 Bxc6 19. f3 Nd7
20. Qd3 $14 {[%cal Ge2e4]}) 18... dxe5 19. dxe5 Nd5 20. cxd5 Bxd5 21. f4 (21.
Qc5 {[%cal Ge2e4]} Rb5 22. Qf2 Qe7 23. Bf1 Bc4 24. Rac1 $132) 21... Ne7 22. g4
$6 {White is planning to give everything for the attack on the black K.But
important thing is that his own K is also open,black uses that fact.} Qc8 $1 {
[%cal Gd5a8,Gc8b7]} 23. f5 Ba8 $1 24. f6 (24. Rab1 Rxb1 25. Rxb1 Nd5 26. Qg3
Nxc3 27. Qxc3 exf5 28. gxf5 Qd8 $17 {[%cal Gd8h4,Gd8d5,Gd5e5,Gd5h1]}) 24... Ng6
$6 (24... Nd5 $5 25. Rxd5 (25. Qg3 Nxc3 26. Qxc3 Qb7 27. Kf2 Qb6+ 28. Qd4 gxf6
29. exf6 e5 $1 $17) 25... exd5 (25... Bxd5 26. g5 $44 {[%cal Gg1f2,Ga1g1,Gg1g7]
}) 26. g5 d4 27. Qg3 Qd8 28. gxh6 g6 29. Rd1 c5 $17) 25. fxg7 Qb7 26. Kf2 Rbd8
$6 {It was unnessassary to give up h6-P, now white is just a pawn up.} (26...
Kxg7 $142 $132) 27. Qxh6 Qb6+ (27... Qe4 $5 28. Qe3 (28. Rac1 $142) 28... Nf4 {
[%cal Gf4h3,Gf4d5]} 29. Qxe4 Nxh3+ 30. Kg3 Bxe4 31. Kxh3 Kxg7 {With good
chances to hold this ending.}) 28. Qe3 Qxe3+ 29. Kxe3 Kxg7 {[%cal Ge8h8]} 30.
Bf1 $1 Rd5 31. Rxd5 Bxd5 32. Kf2 $1 {[%cal Gf2g3,Gh2h4,Ge2e3,Gf1a6] White is
better,his last move prepares pushing the pawns on the K-side and also
prepares opening his light square B.} Bc4 33. e3 Bxf1 34. Rxf1 Rd8 35. Rc1 $16
{White has to play very accurately to win this ending.His plan is : 1.To place
the B on d4 2.To activate his rook 3.To put the k on g3 and to push the h-P.}
Rd5 $2 (35... c5 $1 $132 {The best move to stay in the game.As long as black
will have this pawn white bishop won't have a good place,the pawn on e5 will
be attacked and white will have to work hard since only to push h4 pawn can be
not enough to win.}) 36. Bd4 Ra5 37. Rxc7 Rxa2+ 38. Kg3 Ra5 (38... a5 39. h4 a4
40. h5 Nf8 41. g5 {[%cal Gg5g6]} Nh7 42. g6 Ng5 43. gxf7 Nxf7 44. Re7 $18) 39.
h4 Kg8 40. h5 Nxe5 41. g5 $18 (41. Kf4 Nd3+ 42. Ke4 e5 43. Kxd3 exd4 44. exd4
Rg5 {Black have got some surviving chances.}) 41... Rb5 42. g6 fxg6 43. h6 Nf7
44. h7+ Kxh7 45. Rxf7+ Kh6 46. Re7 1-0

[Event "EU-ch 2nd"]
[Site "Ohrid"]
[Date "2001.06.13"]
[Round "12"]
[White "Burmakin, Vladimir"]
[Black "Podgaets, Mikhail"]
[Result "1-0"]
[WhiteElo "2522"]
[BlackElo "2477"]
[Annotator "Rabinovich,Al"]
[PlyCount "119"]
[EventDate "2001.06.01"]
[EventType "swiss"]
[EventRounds "13"]
[EventCountry "YUG"]
[SourceTitle "CBM 084"]
[Source "ChessBase"]
[SourceDate "2001.09.13"]
[SourceVersion "1"]
[SourceVersionDate "2001.09.13"]
[SourceQuality "1"]

1. d4 Nf6 2. Nf3 e6 3. c4 b6 4. g3 Ba6 5. b3 Bb4+ 6. Bd2 Be7 7. Bg2 c6 8. Bc3
d5 9. Nbd2 Nbd7 10. O-O O-O 11. Re1 c5 (11... Bb7 12. e4 dxe4 13. Nxe4 Nxe4 14.
Rxe4 Bf6 15. Rc1 c5 16. Re2 cxd4 17. Bxd4 Qc7 18. Rd2 Rfd8 19. Qe2 e5 20. Bb2
e4 21. Bxf6 Nxf6 22. Nd4 a6 {1/2-1/2 Baginskaite,C-Shahade,G/San Francisco USA
2001/The Week in Chess 331 (22)}) 12. e4 dxe4 13. Ng5 {This continuetion
doesn't promise white much.} (13. Nxe4 Nxe4 (13... Bb7 14. Nfg5 Qc7 15. Nxf6+
Bxf6 16. Bxb7 Qxb7 17. Ne4 Bxd4 18. Bxd4 cxd4 19. Qxd4 $14 {[%cal Ge4d6,Ge1d1,
Gd1d2,Ga1d1,Gd4d6] 1/2-1/2 Atalik,S-Lautier,J/Ohrid MKD 2001/The Week in Chess
345 (66)}) 14. Rxe4 Bb7 15. Re3 Bf6 (15... cxd4 16. Nxd4 Bxg2 17. Kxg2 Bf6 18.
Qf3 $14 {1-0 Gyimesi,Z-Czebe,A/Ohrid MKD 2001/The Week in Chess 344 (34)}) 16.
dxc5 Nxc5 17. b4 Bxc3 18. Rxc3 Qf6 19. Qd4 Ne4 20. Qxf6 gxf6 21. Rd3 Rfc8 22.
Nd2 f5 23. Re1 Rab8 24. Nxe4 {1/2-1/2 Hansen,C-Timman,J/Malmoe SWE 2001/The
Week in Chess 345 (24)}) 13... cxd4 $1 {The best reply.} 14. Bxd4 Qc7 (14...
Bb7 15. Ndxe4 Qc7 16. Nxf6+ Bxf6 17. Bxb7 Qxb7 18. Bxf6 Nxf6 19. Qf3 {1/2-1/2
Hansen,C-Adorjan,A/Debrecen 1990/CBM 20 (19)}) 15. Ndxe4 Rad8 $11 {Black
solved all the opening problems.} 16. Qc2 {[%cal Ge4f6,Gd4f6,Gc2h7]} Nxe4 17.
Nxe4 Bb7 18. Rad1 b5 (18... a6 $5 {[%cal Gb6b5]}) 19. Qc3 {[%cal Gd4g7,Gc4b5]}
b4 20. Qe3 e5 $6 {The pawns don't go back,from now on the square d5 will be
weak.} (20... a6 $5) 21. Bb2 $6 (21. Bxa7 $5 Ra8 22. Bh3 (22. Qd2 $1 Rfd8 23.
Be3 Nc5 24. Qc2 Rxd1 25. Rxd1 Bxe4 26. Bxe4 Nxe4 27. Qxe4 Rxa2 28. c5 $16)
22... f5 {[%csl Ra7]} 23. Rxd7 (23. Nd2 $2 Rxa7 24. Qxa7 Bc5 25. Qa4 Bc6 26.
Qa6 Nb8 $19) 23... Qxd7 24. Nc5 Bxc5 25. Bxc5 Qc6 $17) 21... Bc6 22. Nd2 $1 {
After exchanging the light square bishops,the squares e4,d5 will be very
convinient for white pieces.} Bxg2 23. Kxg2 f6 24. Qf3 (24. Nf3 $5 Nc5 25. Nh4
{[%csl Gf5] With complicated game.}) 24... Kh8 {Avoiding checks in the future.}
(24... Qa5 $5 {Was interesting to try.}) 25. Nf1 Nc5 26. Qe2 e4 $1 {[%csl Gd3]
[%cal Gc5d3,Gd8d3] Black is using every chance is given to activate his pieces.
} 27. Ne3 Nd3 28. Rf1 (28. Nd5 $6 Nxe1+ 29. Rxe1 Qd7 30. Qxe4 Bc5 $17) 28...
Qa5 $6 (28... Nxb2 $5 29. Qxb2 f5 30. Nd5 Qc5 $132) 29. Ba1 $1 $14 {Good move.
Black N on d3 is not that powerfull now and some time black will have to play
f5,so the Ba1 will come in to the game.} Qg5 (29... f5 $6 30. Nd5 Rfe8 31. Qh5
$1 $16) (29... Rfe8 30. Nd5 Nc5 31. Qg4 $36) 30. Nd5 {[%cal Gd5e7,Ge2e4]} Bc5 (
{May be black was planning this move,but unfortunatly it doesn't work:} 30...
Rxd5 31. Qxe4 $1 f5 32. Qf3 $1 (32. Qxd5 Nf4+ $19) 32... Nf4+ 33. Qxf4 Qxf4 34.
gxf4 $18) 31. Qxe4 {Now black position is bad,he forced to give up two light
pieces for the R+P in order to lookm for some initiative,but white easily
defends and gets a big advantage.} Nxf2 32. Rxf2 Bxf2 33. Kxf2 $18 Qh5 {
[%cal Gh5h2,Gh5d1]} 34. Rh1 {A bit passive,but it is only temporary. In a few
moves R will be back to the game.} Rfe8 35. Qd3 $1 Re6 36. Bd4 Qf7 (36... Rde8
37. Nf4 $18) 37. Re1 Rde8 38. Rxe6 Qxe6 39. Be3 {From now it is easy.Black has
no counterplay and c-P decides.} Qh3 40. Kg1 Qd7 41. Kg2 {[%csl Gh3] White K
takes care of himself!} a5 42. Bf2 h5 $2 43. Qf3 (43. Nxb4 $1) 43... h4 44. g4
h3+ 45. Qxh3+ Kg8 46. Qf3 {[%csl Rf6,Rg7,Rg8,Gh6][%cal Gh2h4,Gh4h5,Gc4c5]
Black is absolutely hopeless.It was the place to resign,since there is nothing
black can do against white's plan.} Re5 47. Bg3 Re6 48. Kf1 $1 {Now black has
no places to enter with the R or a Q.} Qb7 49. h4 a4 50. h5 axb3 51. axb3 Qa6
52. Nxb4 {Another pawm left the board.} Qa1+ 53. Kg2 {The rest is simple and
requiers no explanations.} Qb2+ 54. Bf2 Re2 55. Nd5 Qe5 56. h6 Rb2 57. hxg7
Kxg7 58. b4 Rc2 59. Ne3 Rd2 60. b5 1-0